000 01037nam a22003497a 4500
005 20250701154933.0
008 230509b2019 |||||||| |||| 00| 0 spa d
020 _a9788428341400
041 _aESP
082 _a150.193.2 D363d
100 _aDelgado Linares, Inmaculada
_976231
245 _aDinamización grupal
260 _aEspaña
_bEdiciones Paraninfo
_c2019
300 _a280 páginas
490 _aElectrónica
490 _aDirección y Administración de Empresas
490 _aTurismo
490 _aSecretariado Ejecutivo
650 _aDINÁMICA DE GRUPOS
650 _aGRUPO HUMANO
650 _aESTRUCTURA GRUPAL
650 _aINTERVECIÓN EN GRUPOS
650 _aTÉCNICAS Y DINÁMICAS
650 _aCOMUNICACIÓN DE GRUPOS
650 _aTRABAJO EN EQUIPO
650 _aEQUIPO DE TRABAJO
650 _aRESOLUCCIÓN DE CONFLICTOS
650 _aTOMA DE DECISIONES GRUPAL
650 _aEVALUACIÓN DE LOS PROCESOS GRUPALES
650 _aEVALUACIÓN DE LA COMPETENCIA SOCIAL
942 _cBK
_2ddc
999 _c13558
_d13558